000 00717nam a2200253Ia 4500
003 OSt
005 20220918223815.0
006 a|||||r|||| 00| 0
007 ta
008 220917b |||||||| |||| 00| 0 eng d
024 _a225,225
037 _cTextual
040 _aARTS
_cARTS
_beng
041 _2eng
_aeng
082 _aY15.491, P3
100 _aDelloye Isabelle
_9146696
245 0 _aWoman of Afghanistan Foreword by Andre Velter
260 _aSaint
_bPaul Ruminator Books
_c2003
300 _axvi, 169p.
_ccm.
650 _aSOCIOLOGY
700 _a Jager Marjolijn Tr.
_9146697
942 _hY15.491, P3
_cTEXL
_2CC
999 _c279512
_d279512